What are the species/ethnicities of these beings? - Statistics

General Stats
  • This quiz has been taken 17 times
  • The average score is 10 of 18
Answer Stats
Hint Answer % Correct
Legolas Elf
82%
Tinkerbell Fairy
82%
Aquaman Human Atlantean
82%
Grumpy, Happy, Sleepy, Bashful, Sneezy, Dopey, Doc Dwarves
76%
Frodo Baggins Hobbit
76%
Wonder Woman Amazon Olympian
71%
Superman/Kal-L Kryptonian
71%
Shrek Ogre
71%
Black Panther/T'Challa Wakandan
71%
Chewbacca Wookiee
65%
Optimus Prime Transformers
59%
Spock Vulcan
47%
Luke Skywalker Tatooine
41%
Doctor Who Time Lord
29%
Han Solo Corellia
24%
The Alien from the Alien movies. Xenomorph
18%
Gandalf Maia
12%
The Predator from the Predator movies. Yautja
0%
No matching quizzes found
Score Distribution
Percent of People with Each Score
Percentile by Number Answered
Your Score History
You have not taken this quiz